000 00472nam a22001457a 4500
008 160229b xxu||||| |||| 00| 0 eng d
082 _a708
_bC169e
245 _aEugenia Calvo
_cMaría Fernanda Cartagena
260 _a[Ecuador] :
_bdpm,
_c[2007]
300 _a44 p. ;
_bill. (col.) ;
_c20 cm.
600 _aCalvo, Eugenia
_xCatálogos
_94822
650 _aGalería dpm
_zEcuador, Miami
_94823
650 _aArte Moderno
_zArgentina
_94824
650 _aArte Moderno Argentino
_94825
999 _c877
_d877